Испанский язык (Запись № 11746405)

Подробности
000 -МАРКЕР
контрольное поле 01612nam1a2200325 i 4500
001 - ИДЕНТИФИКАТОР ЗАПИСИ
контрольное поле RU\NLR\BIBL_A\011166822
005 - ИДЕНТИФИКАТОР ВЕРСИИ
контрольное поле 20260405235437.0
010 ## - МЕЖДУНАРОДНЫЙ СТАНДАРТНЫЙ НОМЕР КНИГИ (ISBN)
Номер (ISBN) 9785090422994
Уточнения oбщ.
035 ## - ДРУГИЕ СИСТЕМНЫЕ НОМЕРА
Идентификатор записи (NLR Aleph) 011166822
100 ## - ДАННЫЕ ОБЩЕЙ ОБРАБОТКИ
Данные общей обработки 20160504g20169999d y0rusy50 ca
101 0# - ЯЗЫК РЕСУРСА
Язык текста, звукозаписи и т.д. русский
102 ## - СТРАНА ПУБЛИКАЦИИ ИЛИ ПРОИЗВОДСТВА
Страна публикации Российская Федерация
105 ## - ПОЛЕ КОДИРОВАННЫХ ДАННЫХ: ТЕКСТОВЫЕ МАТЕРИАЛЫ, МОНОГРАФИЧЕСКИЕ
Кодированные данные о монографическом текстовом документе ||||j |||||
200 1# - ЗАГЛАВИЕ И СВЕДЕНИЯ ОБ ОТВЕТСТВЕННОСТИ
Основное заглавие Испанский язык
Сведения, относящиеся к заглавию 3 класс
-- учебник для общеобразовательных организаций и школ с углубленным изучением испанского языка
-- в 2 ч.
Первые сведения об ответственности А.А. Воинова, Ю.А. Бухарова, К.В. Морено
205 ## - СВЕДЕНИЯ ОБ ИЗДАНИИ
Сведения об издании 3-е изд.
210 ## - ПУБЛИКАЦИЯ, РАСПРОСТРАНЕНИЕ И ДР.
Место издания, распространения и т.д. Москва
Имя издателя, распространителя и т. д. Просвещение
Дата издания, распространения и т.д. 2016
215 ## - ФИЗИЧЕСКАЯ ХАРАКТЕРИСТИКА
Размеры 26
300 ## - ОБЩИЕ ПРИМЕЧАНИЯ
Текст примечания На обл.: Español: libro del alumno / A. Vóinova, J. Bujárova, C. Moreno
512 1# - ЗАГЛАВИЕ ОБЛОЖКИ
Связь между полями z45790
Заглавие обложки Español
Сведения, относящиеся к заглавию libro del alumno
606 ## - НАИМЕНОВАНИЕ ТЕМЫ КАК ПРЕДМЕТ
Наименование темы Испанский язык
Формальный подзаголовок Учебники для специализированных школ
Системный номер авторитетной/нормативной записи 1211111
Идентификатор авторитетной/нормативной записи RU\NLR\AUTH\66491709
686 3# - ИНДЕКСЫ ДРУГИХ КЛАССИФИКАЦИЙ
Индекс Ш147.21-93рус221[3]
700 #1 - ИМЯ ЛИЦА - ПЕРВИЧНАЯ ОТВЕТСТВЕННОСТЬ
Материалы, к которым относится поле rus
Графика поля Кириллица
Начальный элемент ввода Воинова
Часть имени, кроме начального элемента ввода А.А.
Расширение инициалов личного имени Альбина Аркадьевна
Идентификатор авторитетной/нормативной записи RU\NLR\AUTH\7721561
Системный номер авторитетной/нормативной записи 4623
701 #1 - ИМЯ ЛИЦА - АЛЬТЕРНАТИВНАЯ ОТВЕТСТВЕННОСТЬ
Материалы, к которым относится поле rus
Графика поля Кириллица
Начальный элемент ввода Бухарова
Часть имени, кроме начального элемента ввода Ю.А.
Расширение инициалов личного имени Юлия Алексеевна
Идентификатор авторитетной/нормативной записи RU\NLR\AUTH\7721564
Системный номер авторитетной/нормативной записи 4626
701 #1 - ИМЯ ЛИЦА - АЛЬТЕРНАТИВНАЯ ОТВЕТСТВЕННОСТЬ
Материалы, к которым относится поле rus
Графика поля Кириллица
Начальный элемент ввода Морено
Часть имени, кроме начального элемента ввода К. В.
Расширение инициалов личного имени Кармен Викторовна
Идентификатор авторитетной/нормативной записи RU\NLR\AUTH\77109040
Системный номер авторитетной/нормативной записи 91965
790 #1 - ИМЯ ЛИЦА - АЛЬТЕРНАТИВНАЯ ФОРМА
Материалы, к которым относится поле rus
Графика поля Латинская
Начальный элемент ввода Voinova
Часть имени, кроме начального элемента ввода A.A.
Расширение инициалов личного имени Al'bina Arkad'evna
Идентификатор авторитетной/нормативной записи RU\NLR\AUTH\7721562
Системный номер авторитетной/нормативной записи 4624
852 ## - МЕСТОНАХОЖДЕНИЕ И ШИФР ХРАНЕНИЯ
Идентификатор организации NLR
Шифр хранения (Call Number) 2016-7/2363
942 ## - ДОПОЛНИТЕЛЬНЫЕ ЭЛЕМЕНТЫ ЗАПИСИ (АБИС)
Тип экземпляра АБИС Книга

Нет доступных экземпляров.